Statistics for Boruto Characters

Click here to take the quiz!

General Stats

  • This quiz has been taken 22 times
  • The average score is 27 of 66

Answer Stats

HintAnswer% Correct
Main Character
Son of the 7th Hokage
Member of Team 7
Uzumaki Boruto
100%
Member of Team 7
The last Uchiha
Uchiha Sarada
94%
Member of Team 7
Son of the Legendary Sannin
Mitsuki
83%
Son of the 8th Hokage
Member of Team Moegi (Team 10)
17th Generation Ino-Shika-Cho
Nara Shikadai
83%
Chief of the Konoha Barrier Team
Florist
16th Generation Ino-Shika-Cho
Spouse of the latter
Yamanaka Ino
83%
Member of Team Moegi (Team 10)
17th Generation Ino-Shika-Cho
Akimichi Chocho
78%
Member of Team 7
Adopted brother of the main character
Former member of Kara
Vessel of the leader of Kara
Kawaki
78%
Leader of Team 7
Grandson of the 3rd Hokage
Former member of Team Ebisu
Sarutobi Konohamaru
78%
6th HokageHatake Kakashi
72%
Temporary 8th Hokage
7th Hokage's Advisor
Spouse of the latter
Nara Shikamaru
72%
Member of Team 5Metal Lee
67%
Main character's master
Former member of Taka
Spouse of the latter
Uchiha Sasuke
67%
Member of Team Moegi (Team 10)
17th Generation Ino-Shika-Cho
Yamanaka Inojin
67%
Father of a member of Team 7
Legendary Sannin
Orochimaru
61%
5th Hokage
Legendary Sannin
Tsunade
61%
7th Hokage
Father of the main character
Spouse of the former
Uzumaki Naruto
61%
Chief of the ANBU
Spouse of the former
Yamanaka Sai
61%
5th Kazekage
Brother in law of the Temporary 8th Hokage
Father of the latter
Gaara
56%
Spouse of the former
Chief of the Medical Department
Haruno Sakura
56%
Former master of the former
Retired Shinobi
Master of the 8 Inner Gates
Maito Gai
56%
Daughter of the two former
Main character's sister
Uzumaki Himawari
56%
Teacher at the Ninja Academy
Fomer member of the Konoha 11
Aburame Shino
50%
Mother of the main character
Spouse of the latter
Sister of the former
Hyuga Hinata
50%
Former member of TakaKarin
50%
Member of the Otsutsuki ClanOtsutsuki Momoshiki
50%
16th Generation Ino-Shika-Cho
Sposue of the latter
Akimichi Choji
44%
Member of the Leaf Military Police ForceInuzuka Kiba
44%
Legendary SanninJiraiya
44%
Member of Team 5
Heir to the Kaminarimon Company
Kaminarimon Denki
44%
Leader of Team Moegi (Team 10)
Former member of Team Ebisu
Kazamatsuri Moegi
44%
Member of Team 5Yuino Iwabe
44%
Leader of Team 5
Former member of Team Ebisu
Ise Udon
39%
Former member of TakaJugo
39%
Kyubi (Nine Tails)Kurama
39%
Spouse of the former
Former member of the Sand Siblings
Nara Temari
39%
Former member of TakaHozuki Suigetsu
33%
Leader of Team 15
Main character's aunt
Sister in law of the 7th Hokage
Sister of the latter
Hyuga Hanabi
33%
Brother of the 4th RaikageKiller B
33%
Chunin Exams proctor
Master of the 8 Inner Gates
Former student of the latter
Rock Lee
33%
Ichibi (One Tail)Shukaku
33%
Chunin Exams proctorTenten
33%
Member of the Scientific Ninja Tools Team
Former member of Team 15
Former Class Representative
Kakei Sumire
28%
3rd Tsuchikage
Grandfather of the former
Onoki
28%
Ninja Academy PrincipalUmino Iruka
28%
Former member of the Akatsuki
Overseer at Konoha Orphanage
Yakushi Kabuto
28%
Spouse of the former
Former member of the Hidden Cloud
Akimichi Karui
22%
6th Mizukage
7 Ninja Swordsman of the Mist
Chojuro
22%
5th RaikageDarui
22%
Member of Team 15Izuno Wasabi
22%
Vessel of the Leader of Kara
Member of Kara (Controlled by the leader)
Jigen
22%
Member of the Otsutsuki ClanOtsutsuki Urashiki
22%
Familiar of the formerAkamaru
17%
Member of Kara
Vessel of the Leader of Kara
Code
17%
Cyborg
Former member of Kara
Clone of a Legendary Sannin
Main character's master
Kashin Koji
17%
Leader of Kara
Member of the Otsutsuki Clan
Otsutsuki Isshiki
17%
Former member of Kara
Member of the Scientific Ninja Tools Team
Amado
11%
Cyborg
Member of Kara
Delta
11%
4th Tsuchikage
Grand daughter of the latter
Kurotsuchi
11%
Member of the Otsutsuki ClanOtsutsuki Kinshiki
11%
Son of the formerShinki
11%
Cyborg
Former member of Kara
Boro
6%
Cyborg
Brother of the former
Daemon
6%
Cyborg
Modified by the former
Sister of the latter
Eida
6%
Member of Team 15
Samurai of the Land of Iron
Kurogane Tsubaki
6%
Familiar of the formerNue
6%
Member of Team 15Suzumeno Namida
6%

Score Distribution

Percentile by Number Answered

Percent of People with Each Score

Your Score History

You have not taken this quiz